Concursantes Operación Triunfo 2023 - Estadísticas

Estadísticas generales
  • Esta prueba ha sido intentada 65 veces
  • La puntuación promedio es 15 de 16
Estadísticas de respuestas
Imagen Respuesta % Correcto
Juanjo
100%
Martin
100%
Ruslana
100%
Alvaro
98%
Lucas
98%
Naiara
98%
Omar
98%
Salma
98%
Violeta
98%
Bea
97%
Chiara
97%
Denna
95%
Alex
93%
Cris
90%
Paul Thin
88%
Suezete
86%
No se encontraron pruebas coincidentes
Distribución de puntuación
Porcentaje de gente con cada puntuación
Porcentaje por número respondido
Historial de tus puntuaciones
No has intentado esta prueba.